Čiastočný invalidný dôchodok po ďalších zmenách
Novelizácia právnej úpravy podmienok vzniku a trvania nároku občanov na čiastočný invalidný dôchodok. Podmienky nároku na čiastočný invalidný dôchodok upravuje zákon č.365/1994 Z.z. Nové znenie ustanovení zákona o sociálnom zabezpečení. Vznik nároku. Trvanie nároku na čiastočný invalidný dôchodok.
Guardado en:
| Formato: | Capítulo de libro |
|---|---|
| Lenguaje: | eslovaco |
| Materias: | |
| Etiquetas: |
Sin Etiquetas, Sea el primero en etiquetar este registro!
|
MARC
| LEADER | 00000naa a2200000 4500 | ||
|---|---|---|---|
| 001 | r017466 | ||
| 005 | 20221213100234.3 | ||
| 041 | 0 | |a slo | |
| 044 | |a SK | ||
| 245 | 1 | 0 | |a Čiastočný invalidný dôchodok po ďalších zmenách |
| 520 | |a Novelizácia právnej úpravy podmienok vzniku a trvania nároku občanov na čiastočný invalidný dôchodok. Podmienky nároku na čiastočný invalidný dôchodok upravuje zákon č.365/1994 Z.z. Nové znenie ustanovení zákona o sociálnom zabezpečení. Vznik nároku. Trvanie nároku na čiastočný invalidný dôchodok. | ||
| 610 | 2 | 0 | |a dôchodky invalidné |
| 610 | 2 | 0 | |a Slovensko |
| 610 | 2 | 0 | |a zákony |
| 610 | 2 | 0 | |a 1994 |
| 610 | 2 | 0 | |a zabezpečenie sociálne |